TOP 50 YouTuberów w Polsce (04.2020r.) - Statystyki

Ogólne statystyki
  • Ten quiz został rozwiązany 768 razy
  • Średni wynik to 14 z 50
Statystyki odpowiedzi
Lp Liczba subskrypcji Odpowiedź % Poprawnych
1 4 380 000 Blowek
94%
4 3 777 000 Karol Friz Wiśniewski
92%
2 4 260 000 Stuu
80%
3 3 940 000 reZigiusz
76%
5 3 640 000 SA Wardega
60%
22 1 810 000 Tomasz 'Gimper' Działowy
59%
6 3 490 000 AbstrachujeTV
58%
34 1 600 000 WERSOW
58%
43 1 460 000 Tromba
55%
25 1 740 000 Mandzio
54%
10 2 320 000 IsAmU
45%
8 2 970 000 Naruciak
45%
31 1 670 000 TheNitroZyniak
43%
13 2 100 000 Izak LIVE
38%
32 1 650 000 ROJSON
33%
21 1 820 000 Beksy
32%
40 1 500 000 BOXDEL
29%
11 2 260 000 5 sposobów na...
24%
18 1 960 000 MULTI
24%
38 1 560 000 skkf
24%
12 2 160 000 Karolek
22%
7 3 220 000 Step Records
22%
41 1 490 000 Remigiusz Maciaszek
20%
15 2 060 000 Vito Minecraft
20%
9 2 650 000 Planeta Faktów
19%
14 2 060 000 SBM Label
17%
42 1 470 000 Z Dvpy
17%
30 1 670 000 JDabrowsky
16%
29 1 680 000 Niekryty Krytyk
16%
24 1 760 000 Kaluch
15%
33 1 610 000 THEUNBOXALL
15%
45 1 460 000 Agnieszka Grzelak Vlog
14%
23 1 770 000 Wojan
14%
50 1 410 000 Red Lipstick Monster
13%
47 1 450 000 RoxMb
13%
26 1 730 000 FIT LOVERS
12%
27 1 730 000 DeeJayPallaside
11%
20 1 840 000 Marcin Malczynski
11%
48 1 450 000 Ponki
11%
44 1 460 000 smiechawaTV
10%
36 1 590 000 Dizowskyy
9%
17 1 970 000 tvnpl
9%
19 1 930 000 SPInkafilmstudio
8%
37 1 570 000 GPlay: Minecraft Jest Nasz!
7%
39 1 550 000 BORCREW OFFICIAL
6%
46 1 450 000 Zajcu37
5%
49 1 440 000 Jasna Strona
4%
28 1 730 000 KaliGanjaMafia
4%
16 1 980 000 Baby's adventure
1%
35 1 590 000 LoreChirik
1%
Nie znaleziono quizów pasujących do podanych kryteriów
Rozkład punktacji
Procent ludzi z każdym wynikiem
Percentyl według liczby udzielonych odpowiedzi
Twoja historia wyników
Nie rozwiązałeś tego quizu